000 00411nam a2200181Ia 4500
001 2678
005 20260306144824.0
008 260306t2008||||xx |||||||||||||| ||spa||
041 _aESP
082 _a210
_bG66
100 _aGonzalez, Ángel Luis
_eAUT
245 0 _aTeología Natural
260 _c2008
300 _a256 páginas :
_c24 cm.
650 _aGEN
654 _aCHU
942 _cLIB
_dJUS
_fJUS
_2ddc
_n
999 _c2678
_d2678